• 首页
  • 本馆介绍
  • 公告通知
  • 最新文献
  • 馆藏检索
  • 电子资源
  • 读者导购
  • 参考咨询
  • 我的图书馆
  • 登录
  • 详细信息显示
  • 放入我的书架
  • 预约/预借图书
  • 作者相关作品
  • 分类相关作品
  • 丛书相关作品
  • 出版社相关作品

书目信息

  • 表格格式
  • 工作单格式
  • 卡片格式
题名:
足球训练指导
    
 
作者: [德]鲍尔 著 ;于大川 译
分册:  
出版信息: 北京   人民体育出版社  1997.10
页数: 101页
开本: 20cm
丛书名:
单 册:
中图分类: G843.2
科图分类:
主题词: 足球运动训练
电子资源:
ISBN: 7-5009-1522-5
000 00610nam0 2200205 45
001 0006121552
005 20040506130510.1
010    @a7-5009-1522-5@dCNY15.00
100    @a20000612d1997 km y0chiy0120 ea
101    @achi
105    @a z 000yy
200 1  @a足球训练指导@f[德]鲍尔(Gerhard Bauer)著@F[De]Bao Er(Gerhard Bauer)Zhu@g于大川译
210    @a北京@c人民体育出版社@d1997.10
215    @a101页@c彩图@d20cm
606 0  @a足球运动训练
690    @aG843.2@v1
701    @a[德]鲍尔@bGerhard Bauer@4著
702  0 @a于大川@AYu Da Chuan@4译
801    @aCN@bTSTC@c20000612
905    @dG843.2@e116@f1@b289110
    
    足球训练指导/[德]鲍尔(Gerhard Bauer)著/于大川译.-北京:人民体育出版社,1997.10
    101页:彩图;20cm
    
    
    ISBN 7-5009-1522-5:CNY15.00
    
●
相关链接 在E读中查询图书 在五车中查询图书 在当当中查询图书 在豆瓣中查询图书


正题名:足球训练指导     索取号:G843.2/116         预约/预借

序号 登录号 条形码 馆藏地/架位号 状态 备注
1 0289109   002891099   第四借阅区/ [索取号:G843.2/116] 在馆    
2 0289110   002891106   第四借阅区/ [索取号:G843.2/116] 在馆    
3 0289111   002891115   第四借阅区/ [索取号:G843.2/116] 在馆    
4 0289112   002891124   第四借阅区/ [索取号:G843.2/116] 在馆    
5 0289113   002891133   第四借阅区/ [索取号:G843.2/116] 在馆    
6 0289114   002891142   第一样本阅览室/ [索取号:G843.2/116] 在馆    
唐山师范学院图书馆 欢迎您!
大连网信软件有限公司© 版权所有